Insights into Platform Tourism Services: Future Demand Perspectives in Slovakia

Preskúmanie plánov slovenskej populácie súvisiacich s využívaním platformy služieb cestovného ruchu po skončení pandémie COVID-19. Prieskum potvrdzuje, že ubytovanie a doprava sú najdôležitejšie aspekty cestovného ruchu. Sú obľúbené hlavne kvôli cene, nie kvôli šetrnosti k životnému prostrediu.

Na minha lista:
Detalhes bibliográficos
Autor principal: Pompurová, Kristína
Outros Autores: Marčeková, Radka
Formato: Capítulo de Livro
Idioma:inglês
Assuntos:
Tags: Adicionar Tag
Sem tags, seja o primeiro a adicionar uma tag!

MARC

LEADER 00000naa a2200000 4500
001 0287313
005 20220822085209.6
041 0 |a eng 
044 |a CZ 
245 1 0 |a Insights into Platform Tourism Services: Future Demand Perspectives in Slovakia  |c Kristína Pompurová, Radka Marčeková 
520 |a Preskúmanie plánov slovenskej populácie súvisiacich s využívaním platformy služieb cestovného ruchu po skončení pandémie COVID-19. Prieskum potvrdzuje, že ubytovanie a doprava sú najdôležitejšie aspekty cestovného ruchu. Sú obľúbené hlavne kvôli cene, nie kvôli šetrnosti k životnému prostrediu. 
610 2 0 |a ekonomika zdieľaná 
610 2 0 |a ruch cestovný 
610 2 0 |a pandémia 
610 2 0 |a služby 
100 1 |a Pompurová, Kristína 
700 1 |a Marčeková, Radka